Statistiken für Der Casus Knacksus

Klicken Sie hier um das Quiz zu spielen!

Allgemein

  • Dieses Quiz wurde 8 mal gespielt
  • Das Durchschnittsergebnis liegt bei 10 aus 16

Antwortstatistiken

FrageKachelSelect% Korrekt
Was ist der Casus KnacksusEin fallender KaktusNein
83%
Welche Sprache ist der Casus KnacksusEnglischNein
83%
Welche Sprache ist der Casus KnacksusSpanischNein
83%
Was ist der Casus KnacksusDer KnackpunktJa
67%
Welche Sprache ist der Casus KnacksusDeutschNein
67%
Was ist der Casus KnacksusEin deutsches SprichwortNein
67%
Was ist der Casus KnacksusEin PromiNein
67%
Welche Sprache ist der Casus KnacksusLateinJa
67%
Wer sagt „Casus Knacksus“PsychopathenNein
67%
Wer sagt „Casus Knacksus“Deutsch LehrerNein
50%
Wer sagt „Casus Knacksus“Geistig eingeschränkte PersonenNein
50%
Welche Geste benutzt man bei dem Casus KacksusMan macht einen Rückwärts-SaltoNein
50%
Welche Geste benutzt man bei dem Casus KacksusMan reibt seine Finger aneinanderJa
50%
Welche Geste benutzt man bei dem Casus KacksusMan tätigt einen UmschwungNein
50%
Wer sagt „Casus Knacksus“Religions LehrerJa
50%
Welche Geste benutzt man bei dem Casus KacksusMan debtNein
33%

Verteilung der Resultate

Perzentil nach korrekt beantworteten Fragen

Anzahl Personen mit jedem Resultat

Ihre Resultats-Entwicklung

Sie haben dieses Quiz noch nicht gespielt